Free business factsheets (Record no. 120702)
[ view plain ]
| 000 -LEADER | |
|---|---|
| fixed length control field | 00913cai a22001815a 4500 |
| 001 - CONTROL NUMBER | |
| control field | L145092 |
| 008 - FIXED-LENGTH DATA ELEMENTS--GENERAL INFORMATION | |
| fixed length control field | 080905u xxko f 000 0 eng d |
| 035 ## - SYSTEM CONTROL NUMBER | |
| System control number | (Sirsi) u145092 |
| 041 0# - LANGUAGE CODE | |
| Language code of text/sound track or separate title | eng |
| 110 2# - MAIN ENTRY--CORPORATE NAME | |
| Corporate name or jurisdiction name as entry element | Institute of Directors |
| 9 (RLIN) | 795 |
| 245 00 - TITLE STATEMENT | |
| Title | Free business factsheets |
| Medium | [electronic resource] |
| 520 ## - SUMMARY, ETC. | |
| Summary, etc. | Section of the Institute of Directors website provides access to a wide range of business factsheets, provided to help managers make decisions on a range of relevant topics. Guides are dividied under the broad subject areas business management; employment, education and skills; regulation, health and safety and tax and pensions. Factsheets are free to access. |
| 590 ## - LOCAL NOTE (RLIN) | |
| Local note | KA |
| 651 #4 - SUBJECT ADDED ENTRY--GEOGRAPHIC NAME | |
| Geographic name | United Kingdom |
| Chronological subdivision | 1973- |
| 690 ## - LOCAL SUBJECT ADDED ENTRY--TOPICAL TERM (OCLC, RLIN) | |
| Topical term or geographic name as entry element | MANAGEMENT-BUSINESS MANAGEMENT-PROFESSIONAL PRACTICE |
| 856 40 - ELECTRONIC LOCATION AND ACCESS | |
| Uniform Resource Identifier | <a href="https://www.iod.com/factsheets">https://www.iod.com/factsheets</a> |
| Public note | View the website free of charge online at www.iod.com... |
| 942 ## - ADDED ENTRY ELEMENTS (KOHA) | |
| Suppress in OPAC | 0 |
| Withdrawn status | Lost status | Source of classification or shelving scheme | Damaged status | Not for loan | Home library | Current library | Shelving location | Date acquired | Total Checkouts | Full call number | Barcode | Date last seen | Copy number | Price effective from | Koha item type |
|---|---|---|---|---|---|---|---|---|---|---|---|---|---|---|---|
| Dewey Decimal Classification | Virtual | Virtual | Online | 05/09/2008 | ONLINE PUBLICATION | 145092-1001 | 06/08/2019 | 1 | 06/08/2019 | Online material |